Mel Gibson Movies by Plot - Statistics

General Stats
  • This quiz has been taken 21,061 times
    14,684 since last reset
  • The average score is 7 of 14
Answer Stats
Description Movie % Correct
Scottish patriot rises up to defend his land against evil Englishmen Braveheart
95%
Only one man can maintain order in the dystopian Australian wastelands Mad Max
80%
Crazy young cop and wise old cop form the perfect crime-fighting pair Lethal Weapon
78%
American patriot rises up to defend his land against evil Englishmen The Patriot
78%
Chauvinist pig miraculously gains the ability to read women's minds What Women Want
70%
Mysterious crop circles appear on a Pennsylvania farm Signs
68%
When his son is kidnapped, angry father uses the ransom money to put a bounty on the kidnappers' heads Ransom
58%
Long before Sarah Palin, an Old West card player refused to play by other people's rules Maverick
46%
Conspiracy theorist has lots of crazy theories - but one of them is actually true! Conspiracy Theory
37%
Musical Native American falls in love with English settler Pocahontas
31%
While Englishmen drink tea, free-spirited Australians fight a brutal and ill-conceived battle in Turkey Gallipoli
30%
Man is on a mission to recover $70,000 that was stolen from him Payback
28%
Suicidal man wears a stuffed animal on his arm The Beaver
18%
Man in witness protection has his cover blown after a chance encounter with his former fiancee Bird on a Wire
16%
No matching quizzes found
Score Distribution
Percent of People with Each Score
Percentile by Number Answered
Your Score History
You have not taken this quiz since the last reset